Online Catalogue and eLibrary

Adorno, culture, and feminism / (Record no. 34)

MARC details
000 -LEADER
fixed length control field 00776cam a2200253 a 4500
001 - CONTROL NUMBER
control field 142102
005 - DATE AND TIME OF LATEST TRANSACTION
control field 20231122013418.0
008 - FIXED-LENGTH DATA ELEMENTS--GENERAL INFORMATION
fixed length control field 981218s1999 enka b 001 0 eng d
020 ## - INTERNATIONAL STANDARD BOOK NUMBER
ISBN 0761952160
020 ## - INTERNATIONAL STANDARD BOOK NUMBER
ISBN 0761952179 (pbk.)
040 ## - CATALOGING SOURCE (பட்டியலாக்க மூலம்)
Original cataloging agency Uk
Transcribing agency Uk
Modifying agency NN
-- DLC
082 04 - DDC Classification
Class No. 305.4201
DDC Edition Number 21
245 00 - TITLE STATEMENT
Title Adorno, culture, and feminism /
Statement of responsibility, etc. edited by Maggie O'Neill.
250 ## - EDITION STATEMENT
Edition statement 9th
260 ## - PUBLICATION, DISTRIBUTION, ETC.
Place of publication, distribution, etc. London ;
-- Thousand Oaks, Calif. :
Name of publisher, distributor, etc. SAGE Publications,
Date of publication, distribution, etc. 1999.
300 ## - PHYSICAL DESCRIPTION
Extent (e.g. Volumes, Pages etc.) xi, 194 p. :
650 #0 - SUBJECT ADDED ENTRY--TOPICAL TERM
Topical term or geographic name entry element Culture.
650 #0 - SUBJECT ADDED ENTRY--TOPICAL TERM
Topical term or geographic name entry element Feminist theory.
650 #0 - SUBJECT ADDED ENTRY--TOPICAL TERM
Topical term or geographic name entry element Critical theory.
700 1# - ADDED ENTRY--PERSONAL NAME
Personal name O'Neill, Maggie.
Relator term (Role) Editor
856 42 - ELECTRONIC LOCATION AND ACCESS
Uniform Resource Identifier <a href="http://www.loc.gov/catdir/enhancements/fy0656/98061887-d.html">http://www.loc.gov/catdir/enhancements/fy0656/98061887-d.html</a>
856 41 - ELECTRONIC LOCATION AND ACCESS
Uniform Resource Identifier <a href="http://www.loc.gov/catdir/enhancements/fy0656/98061887-t.html">http://www.loc.gov/catdir/enhancements/fy0656/98061887-t.html</a>
942 ## - Koha item type (Biblio)
Koha item type Books in Stacks (Lending)
Holdings
Lost status Damaged status Collection code Home library Current library Date acquired Full call number Accession Number Item type
    Lending WERC Library WERC Library 11/20/2023 305.4201 4175 Books in Stacks (Lending)

© WERC Library